Vista normal
Vista MARC
Entrada Nombre geográfico
Número de registros utilizados en: 2
001 - NÚMERO DE CONTROL
- campo de control: 25569
003 - IDENTIFICADOR DEL NÚMERO DE CONTROL
- campo de control: OSt
005 - FECHA Y HORA DE LA ÚLTIMA TRANSACCIÓN
- campo de control: 20200615033008.0
008 - DATOS DE LONGITUD FIJA
- campo de control de longitud fija: 200615|| aca||aabn | a|a d
040 ## - FUENTE DE LA CATALOGACIÓN
- Centro catalogador/agencia de origen: OSt
- Centro/agencia transcriptor: OSt
151 ## - ENCABEZAMIENTO--NOMBRE GEOGRÁFICO
- Nombre geográfico: CHINA
- Subdivisión general: CIVILIZACIÓN
670 ## - FUENTE DE DATOS ENCONTRADOS
- Cita de la fuente: Work cat.: (OSt)10299: Ortega y Gasset, José, 1883-1955. 5769, Las Atlántidas :, 1943.
